<?xml version="1.0" encoding="UTF-8"?>
<record
    xmlns:xsi="http://www.w3.org/2001/XMLSchema-instance"
    xsi:schemaLocation="http://www.loc.gov/MARC21/slim http://www.loc.gov/standards/marcxml/schema/MARC21slim.xsd"
    xmlns="http://www.loc.gov/MARC21/slim">

  <leader>00449nam a22001337a 4500</leader>
  <datafield tag="999" ind1=" " ind2=" ">
    <subfield code="c">109212</subfield>
    <subfield code="d">109212</subfield>
  </datafield>
  <controlfield tag="005">20201014110849.0</controlfield>
  <controlfield tag="008">181129b           ||||| |||| 00| 0 eng d</controlfield>
  <datafield tag="040" ind1=" " ind2=" ">
    <subfield code="c">PK-LaUMT</subfield>
  </datafield>
  <datafield tag="082" ind1=" " ind2=" ">
    <subfield code="a">RHC 297.74</subfield>
    <subfield code="b">AMI-D</subfield>
  </datafield>
  <datafield tag="100" ind1=" " ind2=" ">
    <subfield code="a">Amin Ahsan Islahi</subfield>
  </datafield>
  <datafield tag="245" ind1=" " ind2=" ">
    <subfield code="a">Dawat e Din aur uska tareeq kar(&#x62F;&#x639;&#x648;&#x62A; &#x62F;&#x6CC;&#x646; &#x627;&#x648;&#x631; &#x627;&#x633;&#x6A9;&#x627; &#x637;&#x631;&#x6CC;&#x642; &#x6A9;&#x627;&#x631;)/</subfield>
    <subfield code="c">Amin Ahsan Islahi</subfield>
  </datafield>
  <datafield tag="260" ind1=" " ind2=" ">
    <subfield code="a">&#x644;&#x627;&#x6C1;&#x648;&#x631;:</subfield>
    <subfield code="b">&#x645;&#x631;&#x6A9;&#x632;&#x6CC; &#x645;&#x6A9;&#x62A;&#x628;&#x6C1; &#x62C;&#x645;&#x627;&#x639;&#x62A; &#x627;&#x633;&#x644;&#x627;&#x645;&#x6CC;</subfield>
    <subfield code="c">1951</subfield>
  </datafield>
  <datafield tag="942" ind1=" " ind2=" ">
    <subfield code="c">BK</subfield>
  </datafield>
  <datafield tag="952" ind1=" " ind2=" ">
    <subfield code="0">0</subfield>
    <subfield code="1">0</subfield>
    <subfield code="4">0</subfield>
    <subfield code="7">0</subfield>
    <subfield code="a">01</subfield>
    <subfield code="b">01</subfield>
    <subfield code="d">2018-11-29</subfield>
    <subfield code="l">0</subfield>
    <subfield code="o">RHC 297.74 AMI-D</subfield>
    <subfield code="p">126727</subfield>
    <subfield code="r">2018-11-29 00:00:00</subfield>
    <subfield code="w">2018-11-29</subfield>
    <subfield code="y">BK</subfield>
  </datafield>
</record>
